[Event "25th Czech Rapid G1 2014"]
[Site "Pardubice CZE"]
[Date "2014.07.17"]
[Round "5.33"]
[White "Michenka, Jozef"]
[Black "Krouzel, Jaroslav"]
[Result "1/2-1/2"]
[WhiteTitle "IM"]
[BlackTitle "FM"]
[WhiteElo "2326"]
[BlackElo "2125"]
[WhiteFideId "301175"]
[BlackFideId "301566"]
[EventDate "2014.07.16"]

1. d4 f5 2. g3 Nf6 3. Bg2 d6 4. Nf3 g6 5. b4 Bg7 6. Bb2 O-O 7. O-O Ne4 8. c4 Nd7
9. Nbd2 Nxd2 10. Qxd2 Nf6 11. Ng5 Qe8 12. d5 Bd7 13. Rfe1 h6 14. Ne6 Bxe6 15.
dxe6 c6 16. Rab1 g5 17. b5 Rc8 18. bxc6 bxc6 19. Qa5 Ne4 20. Bxg7 Kxg7 21. Qxa7
Nc5 22. Red1 Kg8 23. Rd2 Nxe6 24. Rb7 Rf7 25. Rdb2 Nc5 26. Rb8 Kg7 27. Qa8 Rf8
28. Rxc8 Qxc8 29. Qxc6 Qxc6 30. Bxc6 Rc8 31. Bd5 Rc7 32. f4 Ra7 33. Kf2 Ra4 34.
Rc2 Kf6 35. fxg5+ hxg5 36. Ke1 Ke5 37. Bc6 Ra3 38. Kf2 g4 39. Kg2 Kd4 40. Bd5
Ra4 41. Kf2 e6 42. Bc6 Ra3 43. Rd2+ Ke5 44. Rc2 1/2-1/2

[Event "25th Czech Rapid G1 2014"]
[Site "Pardubice CZE"]
[Date "2014.07.17"]
[Round "5.34"]
[White "Rigopoulos-Tsigkos, Alexandros"]
[Black "Kozlitin, Oleg"]
[Result "1-0"]
[BlackTitle "IM"]
[WhiteElo "2052"]
[BlackElo "2331"]
[WhiteFideId "4215109"]
[BlackFideId "4143590"]
[EventDate "2014.07.16"]

1. e4 c5 2. Nf3 d6 3. d4 cxd4 4. Qxd4 Nc6 5. Bb5 Bd7 6. Bxc6 Bxc6 7. Nc3 Nf6 8.
Bg5 e6 9. O-O-O Be7 10. Qd3 O-O 11. Nd4 Rc8 12. f4 Qa5 13. f5 Bd7 14. h4 Rfe8
15. Kb1 Qa6 16. Qf3 b5 17. g4 b4 18. Nce2 e5 19. Bxf6 Bxf6 20. g5 Bd8 21. Nb3
Qc4 22. Rd2 a5 23. f6 a4 24. Nbc1 d5 25. exd5 e4 26. Qe3 Rc5 27. b3 Qb5 28. Nd4
Qa5 29. Nc6 Bxc6 30. dxc6 Rxc6 31. Rhd1 Bb6 32. Qe2 a3 33. Rd5 Rc5 34. Rd7 Rf5
35. Qc4 Rf8 36. R7d5 Rxd5 37. Rxd5 Qa8 38. Qxe4 Qc6 39. fxg7 Kxg7 40. Qe5+ Kg8
41. Rd6 Qc7 42. g6 fxg6 43. Qe6+ Kg7 44. Rc6 Qd8 45. Rd6 Qxh4 46. Qe5+ Kh6 47.
Rxb6 Rf5 48. Qe3+ Qf4 49. Qxf4+ Rxf4 50. c4 bxc3 51. Rc6 Rf2 52. Rxc3 Rb2+ 53.
Ka1 Kg5 54. Nd3 Rd2 55. b4 h5 56. Rxa3 h4 57. Nc5 Rd1+ 58. Kb2 Rd2+ 59. Kc3 Rd8
60. Kc4 Kg4 61. Ne4 Rf8 62. b5 h3 63. Rg3+ Kf4 64. Rxg6 Kxe4 65. Rh6 Rf2 66. a4
h2 67. b6 Kf5 68. a5 Kg5 69. Rxh2 Rxh2 70. b7 Rb2 71. a6 Kf5 72. a7 Rxb7 73.
a8=Q Rc7+ 74. Kd5 Rd7+ 75. Kc5 Ke6 76. Qc8 Ke7 77. Kc6 Rd6+ 78. Kc5 Rd7 79. Qb8
Ke6 80. Qe8+ Re7 81. Qg6+ Kd7 82. Kd5 Kd8 83. Qc6 Rd7+ 84. Ke6 Re7+ 85. Kf6 Rf7+
86. Kg6 Re7 87. Qd6+ Rd7 88. Qb6+ Ke7 89. Qb4+ Ke6 90. Qe4+ Kd6 91. Kf6 Kc7 92.
Qc4+ Kd8 93. Qb4 Kc7 94. Ke6 Rh7 95. Qf4+ Kc8 96. Qe4 Rb7 97. Qc4+ Kb8 98. Kd6
Rb6+ 99. Kd7 Rb7+ 100. Kd8 Ka7 101. Qc5+ Ka8 102. Qa5+ Kb8 103. Qe5+ Ka7 104.
Kc8 Rb6 105. Qa5+ Ra6 106. Qc7+ 1-0

[Event "25th Czech Rapid G1 2014"]
[Site "Pardubice CZE"]
[Date "2014.07.17"]
[Round "5.35"]
[White "Lehmann, Holger"]
[Black "Rozhkov, Viacheslav"]
[Result "1/2-1/2"]
[BlackTitle "FM"]
[WhiteElo "2185"]
[BlackElo "2327"]
[WhiteFideId "4620275"]
[BlackFideId "4181484"]
[EventDate "2014.07.16"]

1. d4 d5 2. c4 dxc4 3. e3 e6 4. Bxc4 Nf6 5. Nf3 a6 6. O-O c5 7. dxc5 Bxc5 8.
Qxd8+ Kxd8 9. Ne5 Ke7 10. Be2 Nbd7 11. Nxd7 Bxd7 12. Bf3 Bb5 13. Rd1 Rad8 14.
Rxd8 Rxd8 15. Nc3 Bc6 16. Bxc6 bxc6 17. Kf1 Ng4 18. h3 Ne5 19. Ke2 Bb4 20. Na4
Nd3 21. e4 Nxc1+ 22. Rxc1 Rd4 23. Rxc6 Rxe4+ 24. Kf3 Re1 25. Rxa6 e5 26. g4 e4+
27. Kg2 Re2 28. Kf1 Re1+ 29. Kg2 Re2 30. Kf1 Re1+ 31. Kg2 Re2 1/2-1/2

[Event "25th Czech Rapid G1 2014"]
[Site "Pardubice CZE"]
[Date "2014.07.17"]
[Round "5.36"]
[White "Villegas, Pierre"]
[Black "Sykora, Josef"]
[Result "1-0"]
[WhiteTitle "FM"]
[WhiteElo "2291"]
[BlackElo "2117"]
[WhiteFideId "654183"]
[BlackFideId "313220"]
[EventDate "2014.07.16"]

1. c4 c6 2. Nf3 d5 3. d4 Nf6 4. Qc2 g6 5. Bf4 Bg7 6. e3 O-O 7. Nc3 Bf5 8. Qb3
Qb6 9. c5 Qxb3 10. axb3 Nbd7 11. b4 a6 12. h3 Ne4 13. g4 Nxc3 14. gxf5 Ne4 15.
Rg1 e6 16. fxe6 fxe6 17. h4 Ndf6 18. Ng5 Rae8 19. Nxe4 Nxe4 20. f3 Nf6 21. Bd6
Rf7 22. Be2 Kh8 23. Kd2 Nd7 24. f4 Nf6 25. Bf3 Ne4+ 26. Bxe4 dxe4 27. Rg5 Bf6
28. Be5 h6 29. Rxg6 Bxe5 30. dxe5 Rd7+ 31. Kc2 Rd3 32. Ra3 Red8 33. Rxh6+ Kg7
34. Rxe6 Rxa3 35. bxa3 Rd3 36. f5 Rxe3 37. Re7+ Kf8 38. f6 Rxa3 39. e6 Rf3 40.
Rf7+ Ke8 41. h5 Rh3 42. Rxb7 1-0

[Event "25th Czech Rapid G1 2014"]
[Site "Pardubice CZE"]
[Date "2014.07.17"]
[Round "5.37"]
[White "Valenta, Vit"]
[Black "Raudive, Aivars"]
[Result "0-1"]
[WhiteTitle "FM"]
[BlackTitle "FM"]
[WhiteElo "2132"]
[BlackElo "2288"]
[WhiteFideId "307440"]
[BlackFideId "11601060"]
[EventDate "2014.07.16"]

1. e4 Nf6 2. Nc3 d5 3. e5 Ne4 4. d4 Nxc3 5. bxc3 c5 6. Nf3 Nc6 7. Bd3 Bg4 8. Be3
Qa5 9. Bd2 e6 10. c4 Qa4 11. cxd5 exd5 12. Rb1 Nxd4 13. Nxd4 Qxd4 14. f3 Bd7 15.
Rxb7 c4 16. Be2 Bc5 17. Rf1 O-O-O 18. Rb1 Qxe5 19. g3 Rhe8 20. Bf4 Qc3+ 21. Qd2
Qxd2+ 22. Kxd2 Bb6 23. c3 Bf5 24. Rb5 Rxe2+ 25. Kxe2 Bd3+ 26. Ke1 Re8+ 27. Kd2
Bxf1 28. Rxd5 Re2+ 29. Kd1 Rxa2 30. Re5 Kd7 31. Rd5+ Ke6 32. Re5+ Kd7 33. Rd5+
Kc6 34. Rd6+ Kb5 35. Rd7 Be2+ 36. Kc1 Bxf3 37. Rxf7 Be4 38. Rxg7 Rxh2 39. Rg5+
Ka4 40. Re5 Bd3 41. g4 Rf2 42. Bg5 Kb3 0-1

[Event "25th Czech Rapid G1 2014"]
[Site "Pardubice CZE"]
[Date "2014.07.17"]
[Round "5.38"]
[White "Tokranovs, Dmitrijs"]
[Black "Setyaki, Azarya Jodi"]
[Result "0-1"]
[BlackTitle "CM"]
[WhiteElo "2297"]
[BlackElo "2231"]
[WhiteFideId "11603011"]
[BlackFideId "7101589"]
[EventDate "2014.07.16"]

1. e4 c5 2. c3 d5 3. exd5 Qxd5 4. d4 g6 5. Nf3 Bg7 6. dxc5 Qxc5 7. Be3 Qc7 8.
Nbd2 Nf6 9. Bc4 O-O 10. O-O Nc6 11. Re1 Bf5 12. Nd4 Bg4 13. Qc1 Na5 14. Bf1 Nd5
15. Nb5 Qb8 16. Bg5 a6 17. Na3 e5 18. Ndc4 Nc6 19. Ne3 Nxe3 20. Bxe3 b5 21. Nc2
Qc7 22. a4 Na5 23. Ra3 Nc4 24. Bxc4 bxc4 25. a5 Rfe8 26. Bb6 Qb7 27. Ne3 Be6 28.
Qd2 Rac8 29. Ra4 Qc6 30. Rea1 Re7 31. Qe2 f5 32. h3 Rf7 33. Nc2 Rd7 34. Nb4 Qb5
35. R4a2 Bf8 36. Re1 Bxb4 37. cxb4 c3 38. bxc3 Bxa2 39. Qxa2+ Qd5 40. Qe2 Rxc3
41. Qxa6 Rc2 42. Bc5 h6 43. Qxg6+ Rg7 44. Qe8+ Kh7 45. g4 fxg4 0-1

[Event "25th Czech Rapid G1 2014"]
[Site "Pardubice CZE"]
[Date "2014.07.17"]
[Round "5.39"]
[White "Musaev, Rasul"]
[Black "Hoegener, Claude"]
[Result "1/2-1/2"]
[WhiteTitle "FM"]
[WhiteElo "2281"]
[BlackElo "2083"]
[WhiteFideId "24146870"]
[BlackFideId "4000978"]
[EventDate "2014.07.16"]

1. e4 e6 2. d4 d5 3. Nc3 Nf6 4. Bg5 Bb4 5. e5 h6 6. Bd2 Bxc3 7. bxc3 Ne4 8. Qg4
g6 9. Bd3 Nxd2 10. Kxd2 c5 11. Nf3 c4 12. Be2 Bd7 13. Rab1 Bc6 14. h4 Nd7 15.
Qf4 Qe7 16. Nh2 O-O-O 17. Ng4 h5 18. Nf6 Nxf6 19. exf6 Qd6 20. Qg5 Rde8 21. Rhe1
Kb8 22. Bf1 Ka8 23. Qe5 Qa3 24. Qc7 Rhf8 25. Rb4 Rc8 26. Qe7 Qa5 27. a4 Qd8 28.
Qxd8 Rfxd8 29. a5 Kb8 30. Ke3 Kc7 31. Kf4 Kd6 32. Re5 Rb8 33. Re1 Re8 34. Re5
Rh8 35. Kg5 Rbc8 36. g3 Rhe8 37. Kf4 Rh8 38. Kf3 Ra8 39. Kg2 Rhb8 40. Re1 Re8
41. Re5 Reb8 42. Re1 Re8 43. Re5 1/2-1/2

[Event "25th Czech Rapid G1 2014"]
[Site "Pardubice CZE"]
[Date "2014.07.17"]
[Round "5.40"]
[White "Semenova, Elena1"]
[Black "Rodionova, Polina"]
[Result "0-1"]
[WhiteTitle "WIM"]
[BlackTitle "WFM"]
[WhiteElo "2215"]
[BlackElo "2138"]
[WhiteFideId "24125148"]
[BlackFideId "24102555"]
[EventDate "2014.07.16"]

1. e4 e5 2. Nf3 Nc6 3. Nc3 Nf6 4. d4 exd4 5. Nxd4 Bb4 6. Nxc6 bxc6 7. Qd4 Qe7 8.
f3 O-O 9. Bg5 c5 10. Qd3 Qe5 11. Bd2 a5 12. O-O-O c6 13. a3 d5 14. exd5 cxd5 15.
axb4 axb4 16. Nb1 d4 17. Re1 Qd6 18. Qb3 Ra1 19. Bc4 Bd7 20. g3 Ba4 21. Qd3 Nd5
22. Bxd5 Qxd5 23. b3 Bc6 24. Bf4 Qd8 25. h4 Qa5 26. Kd2 Bb5 27. Qf5 c4 28. Ke2
cxb3+ 29. Kf2 bxc2 30. Nd2 Rxe1 31. Rxe1 Qa4 32. Bd6 Re8 33. Ne4 d3 34. Qg5 Kh8
35. Be5 Qa7+ 36. Kg2 f6 37. Nxf6 d2 38. Qxd2 gxf6 39. Bxf6+ Kg8 40. Qg5+ Kf8 41.
Qh6+ Kg8 42. Qg5+ Kf8 43. Qh6+ Kg8 44. Qg5+ Kf8 45. Qh6+ Kg8 46. Qg5+ Kf8 47.
Qh6+ Kg8 48. Ra1 Qb7 49. Qg5+ Kf8 50. Qh6+ Kg8 51. Qg5+ Kf8 52. Qh6+ Kg8 53.
Qg5+ Kf8 54. Qf4 Re2+ 55. Kh3 Bd7+ 56. g4 Ke8 57. Bg7 Be6 58. Qf7+ 0-1

[Event "25th Czech Rapid G1 2014"]
[Site "Pardubice CZE"]
[Date "2014.07.17"]
[Round "5.41"]
[White "Pischikov, Vadim"]
[Black "Travkina, Anastasia"]
[Result "0-1"]
[BlackTitle "WFM"]
[WhiteElo "2130"]
[BlackElo "2200"]
[WhiteFideId "4100280"]
[BlackFideId "24129151"]
[EventDate "2014.07.16"]

1. d4 Nf6 2. c4 e6 3. Nc3 Bb4 4. e3 O-O 5. Bd3 d5 6. Nf3 c5 7. a3 Ba5 8. O-O Nc6
9. dxc5 Bxc3 10. bxc3 e5 11. cxd5 Qxd5 12. c4 Qxc5 13. Qc2 Rd8 14. Bb2 Rxd3 15.
Qxd3 e4 16. Qe2 Bg4 17. Bxf6 gxf6 18. Qb2 exf3 19. Qxf6 fxg2 20. Rfb1 Qe5 21.
Qxe5 Nxe5 22. Kxg2 Bf3+ 23. Kg3 Bc6 24. Rc1 f6 25. Ra2 Kf7 26. Rd1 Rg8+ 27. Kf4
Rg4+ 28. Kf5 Be4# 0-1

[Event "25th Czech Rapid G1 2014"]
[Site "Pardubice CZE"]
[Date "2014.07.17"]
[Round "5.42"]
[White "Rous, Daniel"]
[Black "Belousov, Gennadiy"]
[Result "1-0"]
[WhiteElo "2160"]
[BlackElo "2222"]
[WhiteFideId "338150"]
[BlackFideId "24183342"]
[EventDate "2014.07.16"]

1. Nf3 d5 2. c4 dxc4 3. e3 Bg4 4. Bxc4 e6 5. Qb3 Bxf3 6. gxf3 Qc8 7. Nc3 c6 8.
d4 Nf6 9. e4 Be7 10. Be3 O-O 11. O-O-O Nbd7 12. Kb1 Rd8 13. Ka1 Nf8 14. h4 Nh5
15. f4 Qc7 16. e5 g6 17. Be2 Ng7 18. h5 Nf5 19. Ne4 Qb6 20. Qd3 Rd5 21. hxg6
fxg6 22. Bg4 Rad8 23. Bxf5 exf5 24. Nc3 Qc7 25. Nxd5 Rxd5 26. Qb3 Qd7 27. Rh3
Bd8 28. Bd2 Kg7 29. Bb4 Ne6 30. Rdh1 h5 31. Qg3 Rxd4 32. Bd6 h4 33. Rxh4 Bxh4
34. Qxh4 Rxd6 35. Qf6+ 1-0

[Event "25th Czech Rapid G1 2014"]
[Site "Pardubice CZE"]
[Date "2014.07.17"]
[Round "5.43"]
[White "Kutynec, Vladimir"]
[Black "Galchenko, Matvei"]
[Result "0-1"]
[WhiteTitle "IM"]
[WhiteElo "2305"]
[BlackElo "1878"]
[WhiteFideId "4119843"]
[BlackFideId "34135992"]
[EventDate "2014.07.16"]

1. d4 Nf6 2. Nf3 c5 3. e3 e6 4. Bd3 b6 5. O-O Bb7 6. Nbd2 d5 7. b3 Bd6 8. Bb2
O-O 9. Ne5 Nbd7 10. f4 Ne4 11. c4 cxd4 12. exd4 f6 13. Nxd7 Qxd7 14. cxd5 exd5
15. Nxe4 dxe4 16. Bc4+ Kh8 17. f5 Bc7 18. Be6 Qd6 19. Qh5 Ba6 20. Rfe1 Bd3 21.
Re3 Qf4 22. Rh3 h6 23. Re1 Qd2 24. Ree3 Bf4 0-1

[Event "25th Czech Rapid G1 2014"]
[Site "Pardubice CZE"]
[Date "2014.07.17"]
[Round "5.44"]
[White "Zpevakova, Jana"]
[Black "Blecha, Miroslav"]
[Result "1-0"]
[WhiteElo "2016"]
[BlackElo "2225"]
[WhiteFideId "334030"]
[BlackFideId "311758"]
[EventDate "2014.07.16"]

1. d4 Nf6 2. c4 e6 3. Nf3 b6 4. a3 Bb7 5. Nc3 d5 6. cxd5 Nxd5 7. Qc2 Nxc3 8.
bxc3 c5 9. e4 Nd7 10. Bd3 Be7 11. O-O O-O 12. Bb2 Rc8 13. Qe2 h6 14. Rad1 Qc7
15. Bb1 Rfd8 16. Rfe1 Nf8 17. d5 exd5 18. exd5 Bf6 19. c4 Bxb2 20. Qxb2 Re8 21.
Nh4 g6 22. Qf6 Nh7 23. Qc3 Qf4 24. g3 Qd6 25. f4 Nf6 26. h3 b5 27. Qc2 bxc4 28.
Nxg6 Bxd5 29. Re5 Rxe5 30. fxe5 Qc7 31. Qf5 Be4 32. Qxc8+ Qxc8 33. Ne7+ Kg7 34.
Nxc8 1-0

[Event "25th Czech Rapid G1 2014"]
[Site "Pardubice CZE"]
[Date "2014.07.17"]
[Round "5.45"]
[White "Seidl, Stepan"]
[Black "Scherbakov, Mikhail"]
[Result "1/2-1/2"]
[WhiteElo "2209"]
[BlackElo "1854"]
[WhiteFideId "338290"]
[BlackFideId "34130184"]
[EventDate "2014.07.16"]

1. e4 c5 2. Nf3 g6 3. d4 cxd4 4. Nxd4 Nc6 5. Nc3 Bg7 6. Be3 Nf6 7. Bc4 Qa5 8.
O-O O-O 9. Bb3 d6 10. h3 Bd7 11. Re1 Rac8 12. Qd2 Nxd4 13. Bxd4 Bc6 14. Rad1
Rfd8 15. Qd3 Qg5 16. Bxa7 Nh5 17. Be3 Nf4 18. Bxf4 Qxf4 19. g3 Qe5 20. Bd5 Bxd5
21. exd5 Qg5 22. h4 Qf6 23. Re4 e5 24. Rb4 Qe7 25. Qb5 Rc7 26. Rc4 Rdc8 27. Rxc7
Rxc7 28. Qa4 Rc8 29. Nb5 f5 30. c4 e4 31. Qb4 Be5 32. Nd4 Bxd4 33. Rxd4 e3 34.
Qe1 exf2+ 35. Kxf2 Qe5 36. Qe3 Kf7 37. b3 Qf6 38. Rd2 Re8 39. Qd4 Qe7 40. Kg2
Qe1 41. Qf2 Qe4+ 42. Qf3 Qe1 43. Rf2 Kg7 44. Qf4 Re5 45. h5 Re2 46. h6+ Kf7 47.
Rxe2 Qxe2+ 48. Qf2 Qe4+ 49. Qf3 Qc2+ 50. Kh3 Qc1 51. Kg2 Qxh6 52. Qe2 Qg5 53.
Qe6+ Kg7 54. Qxd6 Qd2+ 55. Kf3 Qd3+ 56. Kg2 Qe2+ 1/2-1/2

[Event "25th Czech Rapid G1 2014"]
[Site "Pardubice CZE"]
[Date "2014.07.17"]
[Round "5.46"]
[White "Dorst, Johannes"]
[Black "Korinek, Ondrej"]
[Result "0-1"]
[BlackTitle "FM"]
[WhiteElo "2299"]
[BlackElo "2331"]
[WhiteFideId "4650433"]
[BlackFideId "319856"]
[EventDate "2014.07.16"]

1. e4 c5 2. Nc3 e6 3. Nf3 a6 4. d4 cxd4 5. Nxd4 Qc7 6. Bd3 Nf6 7. f4 d6 8. Qf3
Nbd7 9. Bd2 b5 10. a3 Bb7 11. g4 Nc5 12. g5 Nfd7 13. b4 Nxd3+ 14. cxd3 g6 15.
Rc1 Qd8 16. Nb3 Rc8 17. O-O Bg7 18. Ne2 O-O 19. Rxc8 Bxc8 20. Rc1 Bb7 21. Qf2
Qb8 22. Na5 Ba8 23. Nd4 Re8 24. Ndc6 Bxc6 25. Rxc6 Rc8 26. Rxa6 Rc2 27. Qe3 Qc8
28. Rxd6 Bf8 29. Rd4 Ra2 30. Qe1 Nb6 31. Bc3 e5 0-1

[Event "25th Czech Rapid G1 2014"]
[Site "Pardubice CZE"]
[Date "2014.07.17"]
[Round "5.47"]
[White "Bystrov, Sergej M."]
[Black "Jeitz, Christian"]
[Result "0-1"]
[WhiteTitle "IM"]
[WhiteElo "2280"]
[BlackElo "2189"]
[WhiteFideId "4118561"]
[BlackFideId "4000803"]
[EventDate "2014.07.16"]

1. d4 Nf6 2. Nf3 g6 3. c4 Bg7 4. Nc3 d5 5. Bg5 Ne4 6. cxd5 Nxg5 7. Nxg5 e6 8.
Nf3 exd5 9. e3 O-O 10. Be2 c6 11. O-O Nd7 12. b4 Nf6 13. a4 Ne4 14. Nxe4 dxe4
15. Nd2 Qe7 16. Qb3 Be6 17. Bc4 Bxc4 18. Nxc4 Kh8 19. Rac1 f5 20. g3 g5 21. b5
cxb5 22. Qxb5 f4 23. Ne5 Rad8 24. Rc5 f3 25. Rfc1 Qe6 26. Kh1 Qh3 27. Qf1 Qe6
28. Qc4 Qh3 29. Rg1 Rd6 30. Qf1 Qe6 31. Qc4 Qh3 32. Qf1 Qe6 33. Qc4 Qh3 34. Qf1
Qe6 35. Nxf3 exf3 0-1

[Event "25th Czech Rapid G1 2014"]
[Site "Pardubice CZE"]
[Date "2014.07.17"]
[Round "5.48"]
[White "Kratochvil, Milan"]
[Black "Nguyen, Thai Dai Van"]
[Result "0-1"]
[BlackTitle "CM"]
[WhiteElo "2195"]
[BlackElo "2261"]
[WhiteFideId "331015"]
[BlackFideId "358878"]
[EventDate "2014.07.16"]

1. e4 c5 2. c3 Nf6 3. e5 Nd5 4. d4 cxd4 5. cxd4 e6 6. Nc3 Nxc3 7. bxc3 d6 8. f4
Nc6 9. Nf3 Be7 10. Bd3 O-O 11. O-O h6 12. Bc2 Bd7 13. Qd3 g6 14. Rb1 Qc7 15. h4
h5 16. exd6 Bxd6 17. Ne5 Ne7 18. g4 hxg4 19. Nxg4 f5 20. Ne5 Bxe5 21. fxe5 Rac8
22. Ba3 Kf7 23. Bd6 Qc6 24. Qg3 g5 25. Bxe7 gxh4 26. Qxh4 Rg8+ 27. Kf2 Rg2+ 28.
Ke3 Qxc3+ 29. Bd3 Qd2+ 30. Kf3 Bc6+ 0-1

[Event "25th Czech Rapid G1 2014"]
[Site "Pardubice CZE"]
[Date "2014.07.17"]
[Round "5.49"]
[White "Lokander, Martin"]
[Black "Maslak, Alexander"]
[Result "0-1"]
[WhiteTitle "FM"]
[WhiteElo "2309"]
[BlackElo "2170"]
[WhiteFideId "1709569"]
[BlackFideId "4130871"]
[EventDate "2014.07.16"]

1. d4 Nf6 2. Bg5 c5 3. d5 Qb6 4. Nc3 Qxb2 5. Bd2 Qb6 6. e4 d6 7. f4 e6 8. Nf3
exd5 9. e5 dxe5 10. fxe5 d4 11. Na4 Qc6 12. Rb1 Qe4+ 13. Be2 Ng4 14. O-O Ne3 15.
Bxe3 Qxe3+ 16. Kh1 Be7 17. Bb5+ Nc6 18. c3 O-O 19. Bxc6 bxc6 20. cxd4 cxd4 21.
Qxd4 Qxd4 22. Nxd4 c5 23. Nc6 Re8 24. Rbc1 Be6 25. Nxc5 Bxa2 26. Na6 Bd8 27.
Nxd8 Raxd8 28. Rc5 Rc8 29. Nc7 Red8 30. h3 Rd7 31. Rfc1 h6 32. Na6 Rxc5 33. Nxc5
Rc7 34. Ra1 Rxc5 35. Rxa2 a5 36. Re2 Rc6 37. Re4 Kf8 38. Kh2 Ke7 39. Kg3 Ke6 40.
Rg4 g6 41. Rf4 Rc5 42. Rf6+ Ke7 43. Kf4 Rc4+ 44. Ke3 Rc2 45. Ra6 Rxg2 46. Rxa5
Rg3+ 47. Kf4 Rxh3 48. Ra7+ Kf8 49. e6 fxe6 50. Ke5 Rf3 51. Kxe6 h5 52. Ke5 Rf7
53. Ra6 Kg7 54. Ke4 Rf6 55. Ra1 Kh6 56. Rg1 h4 57. Ke5 Rf8 58. Ke4 Kh5 59. Ke3
g5 60. Ke2 h3 61. Rf1 Rxf1 62. Kxf1 Kg4 63. Kf2 Kf4 64. Kg1 g4 65. Kh2 Kf3 66.
Kh1 Kf2 67. Kh2 g3+ 0-1

[Event "25th Czech Rapid G1 2014"]
[Site "Pardubice CZE"]
[Date "2014.07.17"]
[Round "5.50"]
[White "Janocko, Petr"]
[Black "Keilhack, Harald"]
[Result "1/2-1/2"]
[BlackTitle "FM"]
[WhiteElo "2039"]
[BlackElo "2250"]
[WhiteFideId "320099"]
[BlackFideId "4601904"]
[EventDate "2014.07.16"]

1. d4 d5 2. c4 e6 3. Nf3 c5 4. cxd5 exd5 5. Nc3 Nc6 6. g3 Nf6 7. Bg2 Be7 8. O-O
O-O 9. Bg5 c4 10. Ne5 Be6 11. Nxc6 bxc6 12. Bf4 Bf5 13. Qa4 Qb6 14. b3 Qxd4 15.
Rac1 Rfc8 16. Rfd1 Qb6 17. bxc4 dxc4 18. Qxc4 Ba3 19. Na4 Qa5 20. Bd2 Qe5 21.
Bc3 Qe7 22. Bxf6 Qxf6 23. Rc3 Bf8 24. Rf3 Qe6 25. Rc1 Rab8 26. Rfc3 Qxc4 27.
Rxc4 Be6 28. R4c2 Ba3 29. Rd1 c5 30. Bd5 Bf5 31. Rc3 Bb4 32. Rcc1 Ba3 33. Rc3
Bb4 34. Rcc1 Ba3 1/2-1/2

[Event "25th Czech Rapid G1 2014"]
[Site "Pardubice CZE"]
[Date "2014.07.17"]
[Round "5.51"]
[White "Bibik, Jura"]
[Black "Mojzis, Jaroslav"]
[Result "1/2-1/2"]
[WhiteTitle "IM"]
[BlackTitle "FM"]
[WhiteElo "2228"]
[BlackElo "2137"]
[WhiteFideId "4113071"]
[BlackFideId "302325"]
[EventDate "2014.07.16"]

1. d4 Nf6 2. Nf3 e6 3. Bf4 c5 4. c3 b6 5. e3 Bb7 6. h3 Be7 7. Bd3 d6 8. Nbd2 O-O
9. O-O Nc6 10. Qe2 h6 11. Rfd1 Re8 12. a4 Bf8 13. Nc4 a6 14. dxc5 e5 15. Nfxe5
Nxe5 16. Bxe5 dxe5 17. Bh7+ Kxh7 18. Rxd8 Raxd8 19. cxb6 Bd5 20. Nd2 Bb7 21. Nc4
Bd5 22. Nd2 Bb7 23. b4 Be4 1/2-1/2

[Event "25th Czech Rapid G1 2014"]
[Site "Pardubice CZE"]
[Date "2014.07.17"]
[Round "5.52"]
[White "Yakimenko, Alexander A."]
[Black "Marutkins, Olegs"]
[Result "1-0"]
[WhiteElo "2142"]
[BlackElo "2081"]
[WhiteFideId "24141917"]
[BlackFideId "11600012"]
[EventDate "2014.07.16"]

1. d4 Nf6 2. c4 g6 3. f3 Bg7 4. e4 d6 5. Nc3 O-O 6. Bg5 h6 7. Be3 Nc6 8. Qd2 h5
9. Nge2 a6 10. O-O-O Rb8 11. Nf4 e5 12. dxe5 Nxe5 13. c5 Bd7 14. Nfd5 Nxd5 15.
Nxd5 dxc5 16. f4 Ng4 17. Bxc5 Re8 18. e5 b6 19. Bd4 Be6 20. Nc3 c5 21. Bg1 Qc7
22. Be2 b5 23. h3 Nh6 24. g4 b4 25. Ne4 Red8 26. Qc2 c4 27. Ng5 c3 28. b3 Qa5
29. Nxe6 fxe6 30. Be3 Rbc8 31. Kb1 Qc7 32. Rxd8+ Rxd8 33. Qxg6 a5 34. Qxe6+ Kh8
35. Bc4 a4 36. Rc1 axb3 37. Bxb3 Qa5 38. Qb6 Qxb6 39. Bxb6 Rb8 40. Bc7 Rb7 41.
Bd6 hxg4 42. hxg4 Nxg4 43. Rh1+ Nh6 44. f5 Kh7 45. f6 Bh8 46. Bc2+ 1-0

[Event "25th Czech Rapid G1 2014"]
[Site "Pardubice CZE"]
[Date "2014.07.17"]
[Round "5.53"]
[White "Chekletsov, Ilya"]
[Black "Wagener, Claude"]
[Result "1-0"]
[BlackTitle "FM"]
[WhiteElo "2078"]
[BlackElo "2259"]
[WhiteFideId "24177156"]
[BlackFideId "4000471"]
[EventDate "2014.07.16"]

1. d4 Nf6 2. c4 g6 3. Nc3 d5 4. cxd5 Nxd5 5. e4 Nxc3 6. bxc3 Bg7 7. Bc4 O-O 8.
Ne2 c5 9. O-O Nc6 10. Be3 Na5 11. Bd3 b6 12. f4 e6 13. Qe1 Bb7 14. Qg3 Rc8 15.
f5 exf5 16. exf5 cxd4 17. Bxd4 Re8 18. Bxg7 Kxg7 19. Rad1 Qc7 20. f6+ Kg8 21.
Qh4 Qc5+ 22. Nd4 Nc6 23. Kh1 Re5 24. Nf5 Qf8 25. Nd6 Rb8 26. Bc4 Nd8 27. Qf4 Rh5
28. Nxf7 Nxf7 29. Bxf7+ Kh8 30. Bb3 Rd8 31. Rxd8 Qxd8 32. Rd1 Qf8 33. f7 h6 34.
Rd8 1-0

[Event "25th Czech Rapid G1 2014"]
[Site "Pardubice CZE"]
[Date "2014.07.17"]
[Round "5.54"]
[White "Andreeva, Elena"]
[Black "Rjabzev, Konstantin"]
[Result "1-0"]
[BlackTitle "IM"]
[WhiteElo "1946"]
[BlackElo "2308"]
[WhiteFideId "24104701"]
[BlackFideId "4150015"]
[EventDate "2014.07.16"]

1. e4 g6 2. d4 d6 3. Nc3 Bg7 4. Be3 a6 5. Qd2 Nd7 6. f4 b5 7. Nf3 Bb7 8. Bd3
Ngf6 9. a3 c5 10. d5 c4 11. Be2 Nc5 12. Bxc5 dxc5 13. Qe3 Qc7 14. Ne5 O-O 15. a4
b4 16. Nd1 c3 17. b3 Bxd5 18. exd5 Nxd5 19. Qe4 Nxf4 20. Qxf4 Bxe5 21. Qf3 Rad8
22. Ne3 Rd2 23. Rc1 Rd4 24. g3 Rd6 25. O-O Bd4 26. Bc4 Rf6 27. Qe2 Qe5 28. Rce1
Rd8 29. Rxf6 exf6 30. Kf1 a5 31. Bd3 f5 32. Nc4 Qd5 33. Qg2 Qd7 34. Nxa5 f4 35.
Nc4 fxg3 36. Qxg3 Qd5 37. Qg2 Qh5 38. Be4 Qh4 39. Qg3 Qf6+ 40. Qf3 Qg5 41. a5
Qg1+ 42. Ke2 Qxh2+ 43. Qg2 Qh5+ 44. Qf3 Qh2+ 45. Qg2 Qc7 46. Qf3 Re8 47. Kd1 Qe7
48. Qh1 Qg5 49. Bf3 Rd8 50. Ke2 Qg3 51. Rf1 Bg7 52. Bd5 Qg4+ 53. Qf3 Re8+ 54.
Kd1 Qd4+ 55. Kc1 Rf8 56. Kb1 h5 57. a6 1-0

[Event "25th Czech Rapid G1 2014"]
[Site "Pardubice CZE"]
[Date "2014.07.17"]
[Round "5.55"]
[White "Soural, Jan"]
[Black "Jelinek, Vaclav"]
[Result "1-0"]
[WhiteElo "2234"]
[BlackElo "1973"]
[WhiteFideId "311928"]
[BlackFideId "317454"]
[EventDate "2014.07.16"]

1. d4 g6 2. c4 Bg7 3. Nc3 d6 4. e4 Nf6 5. Nf3 O-O 6. Be2 Nc6 7. O-O e5 8. d5 Ne7
9. Ne1 Nd7 10. Be3 f5 11. f3 f4 12. Bf2 g5 13. Rc1 Nf6 14. c5 Rf7 15. cxd6 cxd6
16. Nb5 Ne8 17. Nxa7 Rxa7 18. Bxa7 Ng6 19. Qb3 h5 20. Qb6 Qxb6+ 21. Bxb6 Bd7 22.
Nd3 g4 23. Rc3 Bf8 24. Bd8 Be7 25. Bxe7 Nxe7 26. Rfc1 Rg7 27. Kf2 Ng6 28. Ne1
g3+ 29. Kg1 gxh2+ 30. Kxh2 h4 31. Rb3 h3 32. gxh3 Nh4 33. Rxb7 Nf6 34. Rcc7 1-0